<?xml version="1.0" encoding="UTF-8"?>
<marc:record xmlns:marc="http://www.loc.gov/MARC21/slim">
   <marc:leader>00000nam a2200000 a 4500</marc:leader>
   <marc:datafield ind1="1" ind2=" " tag="100">
      <marc:subfield code="a">Topsch, Katrin</marc:subfield>
      <marc:subfield code="4">aut</marc:subfield>
      <marc:subfield code="e">Verfasser/-in</marc:subfield>
   </marc:datafield>
   <marc:datafield ind1="0" ind2="0" tag="245">
      <marc:subfield code="a">Vier Uhr morgens!</marc:subfield>
   </marc:datafield>
   <marc:datafield ind1="0" ind2="0" tag="245">
      <marc:subfield code="c">Topsch, Katrin</marc:subfield>
   </marc:datafield>
   <marc:datafield ind1=" " ind2="1" tag="264">
      <marc:subfield code="a">Hamburg</marc:subfield>
      <marc:subfield code="b">Carlsen</marc:subfield>
      <marc:subfield code="c">2024</marc:subfield>
   </marc:datafield>
   <marc:datafield ind1=" " ind2=" " tag="250">
      <marc:subfield code="a">Originalausgabe</marc:subfield>
   </marc:datafield>
   <marc:datafield ind1="1" ind2=" " tag="520">
      <marc:subfield code="a">Wenn du sehr jung bist und um vier Uhr morgens wach wirst, dann merkst du sicher gleich, dass das genau die richtige Zeit zum … Aufstehen ist! Nur Mama und Papa sind da anderer Meinung. Die schlafen einfach weiter. Das macht vier Uhr morgens zur perfekten Zeit, um Kater Karl dein Lieblingsbuch vorzulesen, Papas Regenschirm auszuprobieren, einen großen Schokokeks zu essen und beim Blumengießen pitschenasse Füße zu bekommen. Aber irgendwie ist dir jetzt ganz schön kalt geworden – und ein bisschen allein fühlst du dich auch. Genau die richtige Zeit, um dich zu Mama und Papa ins Bett zu kuscheln.</marc:subfield>
   </marc:datafield>
   <marc:datafield ind1=" " ind2=" " tag="020">
      <marc:subfield code="a">9783551522368</marc:subfield>
      <marc:subfield code="9">9783551522368</marc:subfield>
   </marc:datafield>
   <marc:datafield ind1=" " ind2=" " tag="020">
      <marc:subfield code="a">3551522367</marc:subfield>
      <marc:subfield code="9">3551522367</marc:subfield>
   </marc:datafield>
   <marc:datafield ind1=" " ind2=" " tag="041">
      <marc:subfield code="a">ger</marc:subfield>
   </marc:datafield>
   <marc:datafield ind1=" " ind2=" " tag="300">
      <marc:subfield code="a">24 ungezählte Seiten</marc:subfield>
   </marc:datafield>
</marc:record>
